00442nam a22001457a 450000500170000000800410001702000280005804100130008608200150009910000280011424500570014226000360019930000350023565000260027020231109131740.0231109b |||||||| |||| 00| 0 eng d a0409018317 ; 0409018325 aEnglish  a346.2 CHR  aChristie, RH lEnglish  aThe Law of Contract in South Africa / cRH Christie  aDurban : bButterworths, c1983 blxxiv, 575 pages ; c25,5 cm.  aLegal practice bLaw